Yendo más allá de la planificación familiar
El texto se adentra en aspectos más amplios relacionados con la salud sexual y reproductiva, superando la noción convencional de la planificación familiar. Este documento explora diversas dimensiones de la salud sexual y reproductiva, incluyendo la educación, la accesibilidad a servicios médicos, la...
Gardado en:
| Formato: | Libro |
|---|---|
| Idioma: | Spanish |
| Materias: | |
| Etiquetas: |
Engadir etiqueta
Sen Etiquetas, Sexa o primeiro en etiquetar este rexistro!
|
MARC
| LEADER | 00000nam a22000007a 4500 | ||
|---|---|---|---|
| 003 | cru CIDCACS/IIS | ||
| 005 | 20240111145027.0 | ||
| 008 | 230328s2003 -us|||p|r|||| 00| 0 spa d | ||
| 040 | |c cru CIDCACS/IIS | ||
| 245 | |a Yendo más allá de la planificación familiar | ||
| 300 | |a páginas 19-21 : |b foto | ||
| 520 | |a El texto se adentra en aspectos más amplios relacionados con la salud sexual y reproductiva, superando la noción convencional de la planificación familiar. Este documento explora diversas dimensiones de la salud sexual y reproductiva, incluyendo la educación, la accesibilidad a servicios médicos, la equidad de género y el empoderamiento de las comunidades. Aborda en detalle la importancia de la educación sexual integral, la promoción de la igualdad de género en decisiones reproductivas, el acceso a métodos anticonceptivos y servicios de salud reproductiva de calidad. Además, podría explorar cómo las iniciativas en este ámbito contribuyen al bienestar general de las comunidades y al logro de objetivos más amplios de desarrollo sostenible. El enfoque más allá de la planificación familiar destaca la necesidad de considerar un enfoque holístico y multifacético para abordar los desafíos y oportunidades en el ámbito de la salud sexual y reproductiva. RAR 01/2024 | ||
| 650 | 0 | |a DERECHOS SEXUALES |2 UNESCO |9 7518 | |
| 650 | 0 | |a REPRODUCCION HUMANA |2 OCDE |9 2744 | |
| 650 | 0 | |a EDUCACION SEXUAL |2 OCDE |9 418 | |
| 650 | 0 | |a IGUALDAD DE GENERO |2 OCDE |9 4611 | |
| 650 | 0 | |a METODOS DE PLANIFICACION |2 OCDE |9 3914 | |
| 650 | 0 | |a PLANIFICACION FAMILIAR |2 OCDE |9 3899 | |
| 650 | 0 | |a SERVICIOS DE SALUD |2 OCDE |9 408 | |
| 650 | 0 | |a EDUCACION COMUNITARIA |2 OCDE |9 4896 | |
| 650 | 0 | |a DESARROLLO SOSTENIBLE |2 OCDE |9 2049 | |
| 650 | 0 | |a BIENESTAR DE LA FAMILIA |2 OCDE |9 7323 | |
| 650 | 0 | |a SALUD DE LAS MUJERES |2 OCDE |9 4608 | |
| 773 | 0 | |0 44848 |9 8562 |d Maryland, Estados Unidos : Population Information Program |o 17825 |t Population Reports / | |
| 942 | |2 ddc |c PP | ||
| 999 | |c 44852 |d 44852 | ||
